000 00580nam a2200157 a 4500
008 120416s1967 ||||||||||||||||| || u
050 _aHG 3821 Ozg
100 _aOzga, S. Andrew
245 1 4 _aThe rate of exchange and the terms of trade
260 _aLondon
_bWeidenfield and Nicholson
_c1967
300 _a112p. : ill.
350 _a0.00
650 _aFOREIGN EXCHANGE RATES
650 0 _aFINANCE--DEVELOPING COUNTRIES
995 _D0.00
_FCBU-MAIN LIBRARY (Kitwe)
_H1
_I0.00
_M1
_UAVAILABLE
_ZMain Library Open Access Collection
999 _c55597
_d55597